Wordperfect 5.1. Made Easy /

Gespeichert in:
Bibliographische Detailangaben
1. Verfasser: Mincberg, Mella (Verfasst von)
Format: Buch
Sprache:Englisch
Veröffentlicht: Berkeley : McGraw-Hill, 1990
Tags: Tag hinzufügen
Keine Tags, Fügen Sie das erste Tag hinzu!

MARC

LEADER 00000nam a22000003a 4500
001 stu32321
005 20150617225732.7
008 950519s1990----uk------------------eng-d
020 |a 0-07-881625-4 
040 |a STU  |b slo 
041 0 |a eng 
044 |a uk 
080 |a 681.3.066 
100 1 |a Mincberg, Mella  |4 aut 
245 1 |a Wordperfect 5.1. Made Easy /  |c [aut.] Mincberg,Mella 
260 |a Berkeley :  |b McGraw-Hill,  |c 1990 
300 |a 1071 s 
996 |b J89199  |c J*89199  |l JJK12  |s P  |a 0  |w stu32321_0001